| Tag |
First Indicator |
Second Indicator |
Subfields |
| LEADER |
00000cas a2200000 a 4500 |
| 001 |
in00004452939 |
| 005 |
20191202121016.0 |
| 008 |
750920d19691988enkmr1p ̂ 0 ua0eng |
| 010 |
|
|
|a 71014333
|
| 022 |
|
|
|a 0031-6989
|
| 030 |
|
|
|a PLRCAT
|
| 032 |
|
|
|a 370010
|b USPS
|
| 035 |
|
|
|a (OCoLC)01640428
|
| 037 |
|
|
|b Academic Press, Inc., 111 5th Ave., New York, NY 10003
|
| 040 |
|
|
|a DLC
|c MUL
|d NBG
|d NYG
|d DLC
|d SER
|d RCS
|d DLC
|d NSD
|d AIP
|d HUL
|d AIP
|d TMV
|d UtOrBLW
|
| 042 |
|
|
|a lc
|a nsdp
|
| 049 |
|
|
|a [Shelved] [by Title] TMVM
|
| 050 |
0 |
0 |
|a RS122
|b .P45
|
| 060 |
0 |
0 |
|a W1 PH276
|
| 060 |
|
4 |
|a x
|
| 210 |
0 |
|
|a Pharmacol. res. commun.
|
| 222 |
|
0 |
|a Pharmacological research communications
|
| 245 |
0 |
0 |
|a Pharmacological research communications.
|
| 264 |
|
1 |
|a [London] ;
|a [Orlando, Fla.] :
|b Published for the Italian Pharmacological Society by Academic Press,
|c ©1969-©1988.
|
| 300 |
|
|
|a 20 volumes :
|b illustrations ;
|c 24 cm.
|
| 310 |
|
|
|a Monthly
|b Feb. 1984-1988
|
| 321 |
|
|
|a Quarterly 1969-1973
|
| 321 |
|
|
|a Bimonthly
|b 1974-1976
|
| 321 |
|
|
|a Monthly (except Aug. and Dec.)
|b 1977-Jan. 1984
|
| 336 |
|
|
|a text
|2 rdacontent
|b txt
|
| 337 |
|
|
|a unmediated
|2 rdamedia
|
| 338 |
|
|
|a volume
|2 rdacarrier
|b nc
|
| 362 |
0 |
|
|a Vol. 1, no. 1 (Mar. 1969)-v. 20, no. 12 (Dec. 1988).
|
| 500 |
|
|
|a Description based on: Volume 20, number 12 (Dec. 1988); title from cover.
|
| 530 |
|
|
|a Also available online.
|
| 550 |
|
|
|a Official publication of the Italian Phamacological Society.
|
| 650 |
|
2 |
|a Pharmacology.
|
| 650 |
|
2 |
|a Research.
|
| 655 |
|
2 |
|a Periodicals.
|
| 710 |
2 |
|
|a Società italiana di farmacologia.
|
| 776 |
1 |
|
|a Pharmacological research communications (Online)
|w (OCoLC) 60626948
|
| 780 |
0 |
2 |
|t Archivio italiano di farmacologia
|
| 785 |
0 |
0 |
|t Pharmacological research (Online)
|x 1096-1186
|w (DLC)sn 97006886
|w (OCoLC)36950630
|
| 999 |
f |
f |
|s 0c5cf267-6eba-3dae-be20-2f86ec0a341b
|i 7186863a-77ce-3a53-bbc3-03ecafcc4174
|t 0
|
| 952 |
f |
f |
|p ric
|a Texas A&M University
|b Rellis Campus
|c Joint Library Facility
|d Remote Storage
|t 0
|h No information provided
|i unmediated -- volume
|k v.4
|l 1972
|m 323890065995G
|
| 952 |
f |
f |
|p ric
|a Texas A&M University
|b Rellis Campus
|c Joint Library Facility
|d Remote Storage
|t 0
|h No information provided
|i unmediated -- volume
|k v.14
|l 1982:Jan./June
|m 3238900660082
|
| 952 |
f |
f |
|p ric
|a Texas A&M University
|b Rellis Campus
|c Joint Library Facility
|d Remote Storage
|t 0
|h No information provided
|i unmediated -- volume
|k v.20:nos.1/6
|l 1988
|m 3238900842376
|
| 952 |
f |
f |
|p ric
|a Texas A&M University
|b Rellis Campus
|c Joint Library Facility
|d Remote Storage
|t 0
|h No information provided
|i unmediated -- volume
|k v.18:nos.1/6
|l 1986
|m 3238900780399
|
| 952 |
f |
f |
|p ric
|a Texas A&M University
|b Rellis Campus
|c Joint Library Facility
|d Remote Storage
|t 0
|h No information provided
|i unmediated -- volume
|k v.5
|l 1973
|m 323890065996H
|
| 952 |
f |
f |
|p ric
|a Texas A&M University
|b Rellis Campus
|c Joint Library Facility
|d Remote Storage
|t 0
|h No information provided
|i unmediated -- volume
|k v.19:nos.1/6
|l 1987
|m 3238900815275
|
| 952 |
f |
f |
|p ric
|a Texas A&M University
|b Rellis Campus
|c Joint Library Facility
|d Remote Storage
|t 0
|h No information provided
|i unmediated -- volume
|k v.6
|l 1974
|m 323890065997I
|
| 952 |
f |
f |
|p ric
|a Texas A&M University
|b Rellis Campus
|c Joint Library Facility
|d Remote Storage
|t 0
|h No information provided
|i unmediated -- volume
|k v.1
|l 1969
|m 323890065992D
|
| 952 |
f |
f |
|p ric
|a Texas A&M University
|b Rellis Campus
|c Joint Library Facility
|d Remote Storage
|t 0
|h No information provided
|i unmediated -- volume
|k v.2
|l 1970
|m 323890065993E
|
| 952 |
f |
f |
|p ric
|a Texas A&M University
|b Rellis Campus
|c Joint Library Facility
|d Remote Storage
|t 0
|h No information provided
|i unmediated -- volume
|k v.11
|l 1979:Jan./June
|m 323890066004+
|
| 952 |
f |
f |
|p ric
|a Texas A&M University
|b Rellis Campus
|c Joint Library Facility
|d Remote Storage
|t 0
|h No information provided
|i unmediated -- volume
|k v.7
|l 1975
|m 323890065998J
|
| 952 |
f |
f |
|p ric
|a Texas A&M University
|b Rellis Campus
|c Joint Library Facility
|d Remote Storage
|t 0
|h No information provided
|i unmediated -- volume
|k v.20:suppls.1/5
|l 1988
|m 323890087482B
|
| 952 |
f |
f |
|p ric
|a Texas A&M University
|b Rellis Campus
|c Joint Library Facility
|d Remote Storage
|t 0
|h No information provided
|i unmediated -- volume
|k v.18:nos.7/12 & suppl.
|l 1986
|m 3238900780401
|
| 952 |
f |
f |
|p ric
|a Texas A&M University
|b Rellis Campus
|c Joint Library Facility
|d Remote Storage
|t 0
|h No information provided
|i unmediated -- volume
|k v.12
|l 1980
|m 3238900354532
|
| 952 |
f |
f |
|p ric
|a Texas A&M University
|b Rellis Campus
|c Joint Library Facility
|d Remote Storage
|t 0
|h No information provided
|i unmediated -- volume
|k v.13
|l 1981:July/Nov.
|m 3238900660071
|
| 952 |
f |
f |
|p ric
|a Texas A&M University
|b Rellis Campus
|c Joint Library Facility
|d Remote Storage
|t 0
|h No information provided
|i unmediated -- volume
|k v.9
|l 1988:July/Nov.
|m 323890066001
|
| 952 |
f |
f |
|p ric
|a Texas A&M University
|b Rellis Campus
|c Joint Library Facility
|d Remote Storage
|t 0
|h No information provided
|i unmediated -- volume
|k v.11
|l 1979:July/Nov.
|m 323890066005%
|
| 952 |
f |
f |
|p ric
|a Texas A&M University
|b Rellis Campus
|c Joint Library Facility
|d Remote Storage
|t 0
|h No information provided
|i unmediated -- volume
|k v.19:nos.7/12
|l 1987
|m 3238900814634
|
| 952 |
f |
f |
|p ric
|a Texas A&M University
|b Rellis Campus
|c Joint Library Facility
|d Remote Storage
|t 0
|h No information provided
|i unmediated -- volume
|k v.16
|l 1984:Jan./May
|m 323890066012/
|
| 952 |
f |
f |
|p ric
|a Texas A&M University
|b Rellis Campus
|c Joint Library Facility
|d Remote Storage
|t 0
|h No information provided
|i unmediated -- volume
|k v.10
|l 1978:July/Nov.
|m 323890066003/
|
| 952 |
f |
f |
|p ric
|a Texas A&M University
|b Rellis Campus
|c Joint Library Facility
|d Remote Storage
|t 0
|h No information provided
|i unmediated -- volume
|k v.16:nos.6/12
|l 1984
|m 323890190979H
|
| 952 |
f |
f |
|p ric
|a Texas A&M University
|b Rellis Campus
|c Joint Library Facility
|d Remote Storage
|t 0
|h No information provided
|i unmediated -- volume
|k v.17:nos.1/6
|l 1985
|m 323890066014%
|
| 952 |
f |
f |
|p ric
|a Texas A&M University
|b Rellis Campus
|c Joint Library Facility
|d Remote Storage
|t 0
|h No information provided
|i unmediated -- volume
|k v.15:nos.6/10
|l 1983
|m 323890066011$
|
| 952 |
f |
f |
|p ric
|a Texas A&M University
|b Rellis Campus
|c Joint Library Facility
|d Remote Storage
|t 0
|h No information provided
|i unmediated -- volume
|k v.8
|l 1976
|m 323890065999K
|
| 952 |
f |
f |
|p ric
|a Texas A&M University
|b Rellis Campus
|c Joint Library Facility
|d Remote Storage
|t 0
|h No information provided
|i unmediated -- volume
|k v.20:nos.7/12
|l 1988
|m 323890087850A
|
| 952 |
f |
f |
|p ric
|a Texas A&M University
|b Rellis Campus
|c Joint Library Facility
|d Remote Storage
|t 0
|h No information provided
|i unmediated -- volume
|k v.3
|l 1971
|m 323890065994F
|
| 952 |
f |
f |
|p ric
|a Texas A&M University
|b Rellis Campus
|c Joint Library Facility
|d Remote Storage
|t 0
|h No information provided
|i unmediated -- volume
|k v.17:nos.7/12
|l 1985
|m 3238900354543
|
| 952 |
f |
f |
|p ric
|a Texas A&M University
|b Rellis Campus
|c Joint Library Facility
|d Remote Storage
|t 0
|h No information provided
|i unmediated -- volume
|k v.14
|l 1982:July/Nov.
|m 3238900660093
|
| 952 |
f |
f |
|p ric
|a Texas A&M University
|b Rellis Campus
|c Joint Library Facility
|d Remote Storage
|t 0
|h No information provided
|i unmediated -- volume
|k v.15
|l 1983:Jan./May
|m 323890066010
|
| 952 |
f |
f |
|p ric
|a Texas A&M University
|b Rellis Campus
|c Joint Library Facility
|d Remote Storage
|t 0
|h No information provided
|i unmediated -- volume
|k v.9 & cum. index:v.1-v.7
|l 1977:Jan./June
|m 323890066000.
|
| 952 |
f |
f |
|p ric
|a Texas A&M University
|b Rellis Campus
|c Joint Library Facility
|d Remote Storage
|t 0
|h No information provided
|i unmediated -- volume
|k v.10
|l 1978:Jan./June
|m 323890066002$
|
| 952 |
f |
f |
|p ric
|a Texas A&M University
|b Rellis Campus
|c Joint Library Facility
|d Remote Storage
|t 0
|h No information provided
|i unmediated -- volume
|k v.13
|l 1981:Jan./June
|m 3238900660060
|
| 998 |
f |
f |
|s v.1(1969)-v.20(1988)
|t 0
|l Remote Storage
|